000 00473nam a2200169 i 4500
001 C2-0251568
003 PPAK
005 20180729000220.0
008 030917s my |||| ||||| | may d
040 _aPPAK
_beng
_cPPAK
_erda
245 0 0 _aJejak Rasul : Disk15
_bGua Hira'/Piagam Madinah
264 1 _aKuala Lumpur :
_bGrand Brilliance Sdn.. Bhd. ,
336 _2rdacontent
_atext
337 _2rdamedia
_aunmediated
338 _2rdacarrier
_avolume
942 _2ddc
_cVCD
999 _c164929
_d164929